1223 1005 1740 1728 1190 1915 1233 1749 1763 1423 1226 1115 1041 1532 1692 1066 1511 1164 1762 1404 1212 1701 1199 1639 1585 1183 1984 1200 1214 1163 1223 1822 1301 1985 1878 1015 1709 1536 1166 1870 1238 1562 1350 1245 1495 1471 1639 1453 1277 1003 1827 1246 1735 1443 1958 1653 1364 1416 1979 1279 1069 1192 1041 1649 1082 1475 1671 1445 1503 1307 1200 1655 1175 1279 1733 1628 1308 1511 1464 1670 1812 1457 1866 1888 1791 1829 1155 1556 1555 1485 1394 1090 1932 1053 1761 1944 1867 1053 1301 BCNSPRNW ULIB Ver.6.0+V

เปลี่ยนเป็นภาษาไทย

Change to English
 แสดงรายละเอียดบรรณานุกรม
  กลับหน้าหลัก

Brief Record : Get Marc (ISO 2709) : E-mail record : QR code < ปิดหน้าต่าง
LEADER : 00000nam 2200000uu 4500
001    13399123228
003     ULIB
008    020711s2553 th a 000 0 tha d
050 14 LB1027^bส111ค
110    กระทรวงการท่องเที่ยวและกีฬา.^bกรมพลศึกษา.^bสถาบันพัฒนาบุคลากรการพลศึกษาและการกีฬา.
245    คู่มือผู้ตัดสินกีฬาเทนนิส/^cสถาบันพัฒนาบุคลากรการพลศึกษาและการกีฬา
260    กรุงเทพฯ :^bโรงพิมพ์สหกรณ์การเกษตรแห่งประเทศไทย,^c2553
300    25 หน้า;^b26 ซม.
650    เทนนิส
945    ^p0^l0^i20359
999    ^aทศพร เกษรทอง
รายการนี้ยังไม่มีแท็ก
คุณยังไม่ได้ล็อกอิน คุณสามารถมีกิจกรรมร่วมกับเว็บไซต์ได้ แต่ต้องล็อกอินก่อน ::
  ล็อกอิน

รายการสื่อสารสนเทศ

ลำดับที่ ประเภท เลขเรียก/บาร์โค้ด สถานที่ สถานะ
1. การศึกษาทั่วไป
การศึกษาทั่วไป
LB1027 ส111ค ฉ.1 
  Barcode: 20359
ห้องสมุดวิทยาเขตนครสวรรค์
►หนังสือทั่วไป:l:General Books
บนชั้น
Note:อภินันทนาการ

รายการใกล้เคียง
    หัวเรื่อง [เทนนิส]

BibComment


ยังไม่เคยถูกคอมเมนท์

คอมเมนท์ทรัพยากรรายการนี้
  คอมเมนท์: คู่มือผู้ตัดสินกี..


 Copyright 2026. Bcnsprnw @Library